L’évolution de l’islam indonésien (notice n° 1617573)
[ vue normale ]
| 000 -LEADER | |
|---|---|
| fixed length control field | 01067cam a2200181 4500500 |
| 005 - DATE AND TIME OF LATEST TRANSACTION | |
| control field | 20260111085035.0 |
| 041 ## - LANGUAGE CODE | |
| Language code of text/sound track or separate title | fre |
| 042 ## - AUTHENTICATION CODE | |
| Authentication code | dc |
| 100 10 - MAIN ENTRY--PERSONAL NAME | |
| Personal name | Madinier, Rémy |
| Relator term | author |
| 245 00 - TITLE STATEMENT | |
| Title | L’évolution de l’islam indonésien |
| 260 ## - PUBLICATION, DISTRIBUTION, ETC. | |
| Date of publication, distribution, etc. | 2008.<br/> |
| 500 ## - GENERAL NOTE | |
| General note | 71 |
| 520 ## - SUMMARY, ETC. | |
| Summary, etc. | Après l’inauguration de l’Autonomie régionale en 1999, plusieurs administrations ont émis des régulations basées sur la loi islamique, contribuant à l’aliénation et à la marginalisation des femmes dans la société. Le point de vue d’une féministe indonésienne. |
| 520 ## - SUMMARY, ETC. | |
| Summary, etc. | After Regional Autonomy was inaugurated in 1999, many regional administrations issued regulations based on wrong interpretations of Islamic Law, further alienating and marginalizing women in society. The point of view of an Indonesian feminist. |
| 700 10 - ADDED ENTRY--PERSONAL NAME | |
| Personal name | De Féo, Agnès |
| Relator term | author |
| 786 0# - DATA SOURCE ENTRY | |
| Note | Les Cahiers de l'Orient | 92 | 4 | 2008-12-21 | p. 65-72 | 0767-6468 |
| 856 41 - ELECTRONIC LOCATION AND ACCESS | |
| Uniform Resource Identifier | <a href="https://shs.cairn.info/revue-les-cahiers-de-l-orient-2008-4-page-65?lang=fr&redirect-ssocas=7080">https://shs.cairn.info/revue-les-cahiers-de-l-orient-2008-4-page-65?lang=fr&redirect-ssocas=7080</a> |
Pas d'exemplaire disponible.




Réseaux sociaux